Countries Most Similar To Central African Republic - Statistics

General Stats
  • This quiz has been taken 29 times
    22 since last reset
  • The average score is 15 of 20
Answer Stats
Rank Country Score % Correct
2 Cameroon 78.9
100%
1 Republic of the Congo 80.2
93%
4 Benin 76.1
86%
6 Burundi 75.1
86%
12 Chad 72.4
86%
7 Guinea 74.4
86%
5 Togo 75.9
86%
11 Equatorial Guinea 72.4
79%
9 Gabon 73.3
79%
15 Guinea Bissau 71.5
79%
20 Mali 70.2
79%
13 Rwanda 72.1
79%
18 Uganda 70.4
79%
16 Liberia 70.9
71%
17 Angola 70.6
64%
3 DRC 78.6
64%
8 Ivory Coast 74
64%
10 Burkina Faso 72.5
50%
14 Zambia 71.8
43%
19 Madagascar 70.2
29%
No matching quizzes found
Score Distribution
Percent of People with Each Score
Percentile by Number Answered
Your Score History
You have not taken this quiz since the last reset